| 000 | 00592nam a2200181 a 4500 | ||
|---|---|---|---|
| 003 | PILC | ||
| 005 | 20150112093428.0 | ||
| 008 | 100712s19uu xx 00 eng d | ||
| 020 | _a9781587131264 | ||
| 050 |
_aTK 5105.8.C57 _b.C579 2003 |
||
| 082 |
_aCSF 004.6 _bC49 2003 |
||
| 100 |
_aCisco Press _95583 |
||
| 245 |
_aCCNA 3.0 Training Edition : _bCisco Networking Academy Program / _cCisco Press |
||
| 260 |
_aIndianapolis, Indiana : _bCisco Press, _c2003. |
||
| 300 |
_a339 pages : _billustration ; _c24 cm. |
||
| 650 |
_aCisco-computer networks _xComputer networks _95584 |
||
| 942 |
_2lcc _cBK |
||
| 999 |
_c14254 _d14254 |
||